| 000 | 01262cam a2200337 i 4500 | ||
|---|---|---|---|
| 999 |
_c200444082 _d62294 |
||
| 001 | 200444082 | ||
| 003 | TR-AnTOB | ||
| 005 | 20240917165428.0 | ||
| 007 | ta | ||
| 008 | 110405s1981 tu d 000 0 tur d | ||
| 035 | _a(TR-AnTOB)200444082 | ||
| 040 |
_aBGZ _beng _erda _cBGZ _dTR-AnTOB |
||
| 041 | 0 |
_atur _ager _aeng |
|
| 050 | 4 |
_aHF1373 _b.O587 1981 |
|
| 090 |
_aHF1373 _b.O587 1981 |
||
| 100 | 1 |
_aOnur, Kamil, _d1930- _eauthor _9133021 |
|
| 245 | 1 | 0 |
_aDış ticaret sözlüğü : _bDışalım ve dışsatıma konu olan 4000'i aşkın malın ve mal grubunun üç dilde karşılıkları Türkçe- Almanca-İngilizce / _cKamil Onur. |
| 246 | 3 | _aDış ticaret sözlüğü : Türkçe - Almanca -İngilizce | |
| 264 | 3 |
_aAnkara : _bSan Matbaası, _c1981. |
|
| 300 |
_a143 pages ; _c25 cm |
||
| 336 |
_atext _btxt _2rdacontent |
||
| 337 |
_aunmediated _bn _2rdamedia |
||
| 338 |
_avolume _bnc _2rdacarrier |
||
| 650 | 7 |
_aUluslararası ticaret _vSözlükler _2etuturkob _987801 |
|
| 650 | 7 |
_aTicaret _vSözlükler _2etuturkob _9128852 |
|
| 650 | 7 |
_aUluslararası ticaret _vSözlükler _xÇok dilde _2etuturkob _9133022 |
|
| 650 | 7 |
_aTürk dili _vSözlükler _xÇok dilde _2etuturkob _985279 |
|
| 942 |
_2lcc _cBK |
||